000 00677nam a2200241 a 4500
001 42765
003 BD-RjUL
005 20211209053604.0
008 160615r19701966enka b 001 0 eng
020 _a297748599
035 _a(BD-RjUL)42883
040 _aBD-RjUL
_beng
_cBD-RjUL
041 _aeng
082 _a330
_bLII 1970
100 1 _aLipsey, Richard G.,
_d1928-
_9131422
245 1 3 _aAn introduction to positive economics /
_cRichard G. Lipsey
250 _a2nd ed.
260 _aLondon :
_bWeidenfeld & Nicolson,
_c1966
300 _axxiii, 874 p.:
_bill. ;
_c26 cm
504 _aIncludes Bibliography and index
650 0 _aEconomics
_9131435
942 _2ddc
_cBK
999 _c42765
_d42765